| 000 | 00639nam a2200205 a 4500 | ||
|---|---|---|---|
| 001 | .b58264449 | ||
| 003 | OSt | ||
| 005 | 20140520175742.0 | ||
| 008 | 130904s2013 spcd||| |||| 000 0 spa|d | ||
| 020 | _a9788490298152 | ||
| 040 |
_bcat _cCDMR |
||
| 245 | 0 | 0 |
_aAnálisis de audiencias y estrategias de visibilidad _c/ Víctor Cavaller ... [et al.] |
| 260 |
_aBarcelona: _bEditorial UOC, _c2013 |
||
| 300 |
_a160 p. _bgràf. _c24 cm |
||
| 490 | 1 |
_a[Manuales]; _v273. _aComunicación |
|
| 650 | 0 | 4 |
_aAudiència _vInvestigació |
| 650 | 0 | 4 |
_aCiències de la informació _xMètodes estadístics |
| 700 | 1 | _aCavaller Reyes, Víctor | |
| 942 | _cMON | ||
| 999 |
_c6693 _d6693 |
||